00445nam a2200169Ia 4500003000900000008004100009040001600050080001600066100002300082245005400105260004100159300001400200650001300214650001700227650000900244650002200253IN-BaIIA211028s9999 xx 000 0 eng d cIIA Library a523.34bSTO aStockwell, John N. 0aTheory of the moon's motioncJohn N. Stockwell  aPhiladelphiabJ. B. Lippincottc1875 axvi, 44p. aArchives aLunar theory aMoon aPlanetary systems